| 000 | 00454nam a2200205Ia 4500 | ||
|---|---|---|---|
| 003 | STCL | ||
| 008 | 230726s9999 xx 000 0 und d | ||
| 020 | _a9788171306985 | ||
| 040 |
_aSTCL _cSTCL _bEN |
||
| 082 | _222 | ||
| 100 | _aPadmanabhan, T | ||
| 245 | 0 | _aഗൗരി | |
| 246 | _aGouri/ Gowri | ||
| 250 | _a24 | ||
| 260 |
_bD C Books _aKottayam _c2022 |
||
| 300 | _a118 p | ||
| 365 | _b150 | ||
| 546 | _aMalayalam | ||
| 942 |
_2DDC _e22 _cBKDDC |
||
| 999 |
_c89643 _d89643 |
||